• 首页
  • 本馆介绍
  • 公告通知
  • 最新文献
  • 馆藏检索
  • 电子资源
  • 读者导购
  • 参考咨询
  • 我的图书馆
  • 登录
  • 详细信息显示
  • 放入我的书架
  • 预约/预借图书
  • 作者相关作品
  • 分类相关作品
  • 丛书相关作品
  • 出版社相关作品

书目信息

  • 表格格式
  • 工作单格式
  • 卡片格式
题名:
诺曼征服英格兰
    
 
作者: 弗里曼 著 ;唐月花 译
分册:  
出版信息: 北京   华文出版社  2020
页数: 292页
开本: 24cm
丛书名:
单 册:
中图分类: K561.3
科图分类:
主题词:
电子资源:
ISBN: 978-7-5075-5337-6
000 01003nam0 2200253 450
001 2470358289
005 20240907193253.92
010    @a978-7-5075-5337-6@b精装@dCNY75.00
100    @a20201022d2020 em y0chiy50 ea
101 1  @achi@ceng
102    @aCN@b110000
105    @aab z 000yy
200 1  @a诺曼征服英格兰@Anuo man zheng fu ying ge lan@dA short history of the Norman conquest of England@f(英)爱德华·奥古斯都·弗里曼著@g唐月花译@zeng
210    @a北京@c华文出版社@d2020
215    @a292页@c图,照片,地图@d24cm
300    @a华文全球史 064
330    @a本书以诺曼底公爵威廉率军攻打英格兰、取得黑斯廷斯战役决定性胜利、夺取英格兰王位为主线,揭开了诺曼人法兰西化、英格兰人诺曼化的谜题。
510 1  @aShort history of the Norman conquest of England@zeng
607    @a英国@x中世纪史
690    @aK561.3@v5
701  0 @c(英)@a弗里曼@Afu li man@c(Freeman, Edward Augustus@f1823-1892)@4著
702  0 @a唐月花@Atang yue hua@4译
801  0 @aCN@b91MARC@c20201022
905    @aZUCC@dK561.3@e2
    
    诺曼征服英格兰=A short history of the Norman conquest of England/(英)爱德华·奥古斯都·弗里曼著/唐月花译.-北京:华文出版社,2020
    292页:图,照片,地图;24cm
    华文全球史 064
    
    ISBN 978-7-5075-5337-6(精装):CNY75.00
    本书以诺曼底公爵威廉率军攻打英格兰、取得黑斯廷斯战役决定性胜利、夺取英格兰王位为主线,揭开了诺曼人法兰西化、英格兰人诺曼化的谜题。
●
相关链接 在五车中查询图书 在当当中查询图书 在豆瓣中查询图书


正题名:诺曼征服英格兰     索取号:K561.3/2         预约/预借

序号 登录号 条形码 馆藏地/架位号 状态 备注
1 2001762787   2001762787   第四书库/四24架A面3层1列/ [索取号:K561.3/2] 在馆    
2 2001762788   2001762788   第四书库/四24架A面3层1列/ [索取号:K561.3/2] 在馆    
3 2001762789   2001762789   第四书库/四24架A面3层1列/ [索取号:K561.3/2] 在馆    
4 2001762790   2001762790   第四书库/四24架A面3层1列/ [索取号:K561.3/2] 在馆    
5 2001762791   2001762791   第四书库/四24架A面3层1列/ [索取号:K561.3/2] 在馆    
6 2001762792   2001762792   第四书库/四24架A面3层1列/ [索取号:K561.3/2] 在馆    
山东省滨州职业学院图书馆 欢迎您!
大连网信软件有限公司© 版权所有